Pfarrkirchen in den Städten des Hanseraums
| Titel: | Pfarrkirchen in den Städten des Hanseraums : Beiträge eines Kolloquiums vom 10. bis 13. Dezember 2003 in der Hansestadt Stralsund / Felix Biermann ... (Hrsg.) |
|---|---|
| Beteiligt: | |
| Veröffentlicht: | Rahden/Westf. : Leidorf, 2006 |
| Umfang: | 339 Seiten : Illustrationen, Diagramme, Karten ; 30 cm, 1420 gr. |
| Format: | Buch |
| Sprache: | Deutsch |
| Schriftenreihe/ mehrbändiges Werk: |
Archäologie und Geschichte im Ostseeraum ; 1 |
| RVK-Notation: | |
| ISBN: | 9783896464613 ; 3896464612 |
| Hinweise zum Inhalt: |
Kurzbeschreibung
Inhaltsverzeichnis |
alg: 18348192 001A $06000:05-01-07 001B $01999:28-04-24 $t13:53:14.000 001D $03004:18-05-07 001U $0utf8 001X $00 002@ $0Aau 002C $aText $btxt $2rdacontent 002D $aohne Hilfsmittel zu benutzen $bn $2rdamedia 002E $aBand $bnc $2rdacarrier 003@ $0183481925 003O $0495409911 $aOCoLC 004A $A978-3-89646-461-3 004A $03-89646-461-2 004K $09783896464613 006G $0981742688 006T $006,N47,1430 006U $007,A02,1116 $f20061031 007A $0981742688 $aDNB 007G $0DE0205CB57F159B094371C1257B74003CA35B 007T $0Herdhh183481925 009P $qtext/html $A2 $3Kurzbeschreibung $uhttp://www.vml.de/d/detail.php?ISBN=3-89646-461-2 009P $qapplication/pdf $A2 $3Inhaltsverzeichnis $uhttp://scans.hebis.de/HEBCGI/show.pl?18348192_toc.pdf $mV:DE-603;B:DE-Mb50 010@ $ager 011@ $a2006 013D $RWissenschaftliche Literatur $RAufsatzsammlung $#Konferenzbericht $71071861417 $8Konferenzschrift [Tsz] $9359646190 $y2003 $zStralsund 017A $asf 021A $aPfarrkirchen in den Städten des Hanseraums $dBeiträge eines Kolloquiums vom 10. bis 13. Dezember 2003 in der Hansestadt Stralsund $hFelix Biermann ... (Hrsg.) 028C $BHerausgeber $#Biermann, Felix Paul $4edt $7121636062 $8Biermann, Felix$Z1969- [Tp3] $9152974318 033A $pRahden/Westf. $nLeidorf 034D $a339 Seiten 034I $a30 cm, 1420 gr. 034M $aIllustrationen, Diagramme, Karten 036E $aArchäologie und Geschichte im Ostseeraum $l1 036F $x11 $8Archäologie und Geschichte im Ostseeraum $9186512082 $l1 037A $aLiteraturangaben 039U $aRezensiert in $8--Oox--Rüther, Stefanie. Pfarrkirchen in den Städten des Hanseraums. - Rahden/Westf. : Leidorf. - 2006 [Rezension], 2007 $9394909755 039U $aRezensiert in $8--Oox--Bünz, Enno. Pfarrkirchen in den Städten des Hanseraums. - Rahden/Westf. : Leidorf. - 2006 [Rezension], 2008 $9394916182 039U $aRezensiert in $8--Aox--Reitemeier, Arnd. Pfarrkirchen in den Städten des Hanseraums. - Rahden/Westf. : Leidorf. - 2006 [Rezension], 2008 $9394919092 039U $aRezensiert in $8--Aox--Olschewski, Jana. Pfarrkirchen in den Städten des Hanseraums. - Rahden/Westf. : Leidorf. - 2006 [Rezension], 2007 [2008] $9394925505 039U $aRezensiert in $8--Aox--Hauschild, Wolf-Dieter. Pfarrkirchen in den Städten des Hanseraums. - Rahden/Westf. : Leidorf. - 2006 [Rezension], 2008 $9394964292 039U $aRezensiert in $8--Aox--Pelc, Ortwin. Pfarrkirchen in den Städten des Hanseraums. - Rahden/Westf. : Leidorf. - 2006 [Rezension], 2010 $9395063957 039U $aRezensiert in $8--Aox--Herrmann, C.. Pfarrkirchen in den Städten des Hanseraums. - Rahden/Westf. : Leidorf. - 2006 [Rezension], 2009 [2010] $9395070163 044K $qDNB $#Hansa towns $#Hanse $74123339-6 $8Hansestadt [Ts1] $9085407135 044K $qDNB $RKirchengemeinde $#Hauptkirche $#Parochialkirche $74136603-7 $8Pfarrkirche [Ts1] $9085508586 045E $c720 $c230 045F $a200.943170902 $eDDC23BSB 045F/01 $a200.9 045F/03 $f0902 045F/03 $g4317 045G $a910.94317 $eDDC23BSB 045G/01 $a910 045G/03 $g4317 045H $a709.4317 $eDDC23BSB 045H/01 $a709 045H/03 $g4317 045R $aGeschichte 045Z $8LK 79580 [Tkv] $9409954594 lok: 18348192 24 101B $018-05-07 $t08:23:55.000 101C $018-05-07 101U $0utf8 145Z/01 $a12 11 C 145Z/02 $a12 2 J 145Z/03 $a12 9 L 145Z/04 $a12 9 D exp: 18348192 24 1 #EPN 201B/01 $018-05-07 $t08:23:55.000 201C/01 $028-02-07 201U/01 $0utf8 203@/01 $0501575839 208@/01 $a28-02-07 $bz 209A/01 $a07.1691 $du $f050 $h07 1691 $x00 209C/01 $a07.1691 K $h07 1691 K 209G/01 $a71713946 $x00 220C/01 $awar/Ho-Sz 247C/01 $8358050-7Marburg, Bibliothek des Herder-Instituts Marburg $9102600961 lok: 18348192 25 exp: 18348192 25 1 #EPN 201B/01 $005-05-25 $t18:21:39.000 201C/01 $003-09-08 201U/01 $0utf8 203@/01 $0548946973 208@/01 $a01-12-08 $bzip 209A/01 $aWL 149 a $dd $f088 $x00 209C/01 $aHSK 2008/181/III 209G/01 $a76752289 $x00 209G/01 $aMittlere und Neuere Geschichte $x01 247C/01 $8651088-7 <77/088>Mainz, Universität Mainz, Bereichsbibliothek Philosophicum, Standort Mittlere und Neuere Geschichte $9102600376 lok: 18348192 78 exp: 18348192 78 1 #EPN 201B/01 $019-04-17 $t20:38:28.000 201U/01 $0utf8 203@/01 $0793035570 208@/01 $a12-11-16 $be 209A/01 $a/ $f000 $x00 237A/01 $aweiterführende Signatur(en): Herder-Institut: 07.1691 244Z/01 $2Trx $#Kesk- ja Ida- Euroopa kontseptsioonid $#Vidurio Europos koncepcijos $#East-Central Europe $#Keletközépeurópa-eszmék $#Europa Środkowo-Wschodnia koncepcje $#Európa stredovýchodná koncepcie $#Evropa střední, východní část koncepce $#Mitteleuropa $#Osteuropakonzeptionen $#Europa Środkowa koncepcje $#Stredná Európa koncepcie $#Střední Europa koncepce $8--Trx--Ostmitteleuropakonzeptionen $x01 $9391364286 244Z/01 $2Trx $#arhitektuur, sakraalne $#sakralinė architektūra $#Architecture, sacral $#építészet, szakrális $#architektura sakralna $#architektúra, sakrálna $#architektura sakrální $#Kirchenbau $#stavba kostolov $8--Trx--Architektur, sakrale $x02 $9391375059 244Z/01 $2Trx $#dzieło zbiorowe $8--Trx--Sammelwerk $x03 $9391384597 245Z/01 $a01.03 $x01 247C/01 $82080>Marburg/Lahn, Herder-Institut, Forschungsbibliothek, Bibliographieportal $9336309341 lok: 18348192 204 exp: 18348192 204 1 #EPN 201B/01 $005-02-08 $t13:02:42.000 201C/01 $005-11-07 201U/01 $0utf8 203@/01 $0510504744 208@/01 $a05-02-08 $bzp08 209A/01 $aYd 4600/3 $ds $f084 $h084 YD 4600 3 $x00 209C/01 $a084 83452528 209G/01 $a83452528 $x00 247C/01 $8631084-9 <26/084>Gießen, Universität Gießen, Fachbibliothek Geschichts- und Kulturwissenschaften / Bibliothek im Historischen Institut $9102596948
| LEADER | 00000cam a2200000 c 4500 | ||
|---|---|---|---|
| 001 | 183481925 | ||
| 003 | DE-603 | ||
| 005 | 20240428135314.0 | ||
| 007 | tu | ||
| 008 | 070105s2006 xx |||| | u10||u|ger | ||
| 015 | |a 07,A02,1116 |z 06,N47,1430 |2 dnb | ||
| 016 | 7 | |2 DE-101 |a 981742688 | |
| 020 | |a 9783896464613 | ||
| 020 | |a 3896464612 | ||
| 024 | 3 | |a 9783896464613 | |
| 035 | |a (DE-599)DNB981742688 | ||
| 035 | |a (OCoLC)495409911 | ||
| 040 | |a DE-603 |b ger |c DE-603 |d DE-603 | ||
| 041 | |a ger | ||
| 082 | 0 | 4 | |8 1\u |a 200.943170902 |q DE-101 |2 23/BSB |
| 083 | 0 | |8 2\u |a 910.94317 |q DE-101 |2 23/BSB | |
| 083 | 0 | |8 3\u |a 709.4317 |q DE-101 |2 23/BSB | |
| 084 | |a 720 |a 230 |q DE-101 |2 sdnb | ||
| 084 | |a LK 79580 |0 (DE-625)98283:154 |0 (DE-603)409954594 |2 rvk | ||
| 085 | |8 1\u |b 200.9 | ||
| 085 | |8 1\u |z 1 |s 0902 | ||
| 085 | |8 1\u |z 2 |s 4317 | ||
| 085 | |8 2\u |b 910 | ||
| 085 | |8 2\u |z 2 |s 4317 | ||
| 085 | |8 3\u |b 709 | ||
| 085 | |8 3\u |z 2 |s 4317 | ||
| 090 | |a b | ||
| 245 | 0 | 0 | |a Pfarrkirchen in den Städten des Hanseraums |b Beiträge eines Kolloquiums vom 10. bis 13. Dezember 2003 in der Hansestadt Stralsund |c Felix Biermann ... (Hrsg.) |
| 264 | 1 | |a Rahden/Westf. |b Leidorf |c 2006 | |
| 300 | |a 339 Seiten |b Illustrationen, Diagramme, Karten |c 30 cm, 1420 gr. | ||
| 336 | |a Text |b txt |2 rdacontent | ||
| 337 | |a ohne Hilfsmittel zu benutzen |b n |2 rdamedia | ||
| 338 | |a Band |b nc |2 rdacarrier | ||
| 490 | 1 | |a Archäologie und Geschichte im Ostseeraum |v 1 | |
| 500 | |a Literaturangaben | ||
| 648 | 7 | |a Geschichte |2 gnd | |
| 650 | 7 | |a Hansestadt |0 (DE-588)4123339-6 |0 (DE-603)085407135 |2 gnd | |
| 650 | 7 | |a Pfarrkirche |0 (DE-588)4136603-7 |0 (DE-603)085508586 |2 gnd | |
| 655 | 7 | |a Konferenzschrift |y 2003 |z Stralsund |2 gnd-content |0 (DE-588)1071861417 |0 (DE-603)359646190 | |
| 700 | 1 | |a Biermann, Felix |d 1969- |e Herausgeber |4 edt |0 (DE-603)152974318 |0 (DE-588)121636062 |2 gnd | |
| 787 | 0 | 8 | |i Rezensiert in |a Rüther, Stefanie |t Pfarrkirchen in den Städten des Hanseraums. - Rahden/Westf. : Leidorf. - 2006 [Rezension] |w (DE-603)394909755 |
| 787 | 0 | 8 | |i Rezensiert in |a Bünz, Enno |t Pfarrkirchen in den Städten des Hanseraums. - Rahden/Westf. : Leidorf. - 2006 [Rezension] |w (DE-603)394916182 |
| 787 | 0 | 8 | |i Rezensiert in |a Reitemeier, Arnd |t Pfarrkirchen in den Städten des Hanseraums. - Rahden/Westf. : Leidorf. - 2006 [Rezension] |w (DE-603)394919092 |
| 787 | 0 | 8 | |i Rezensiert in |a Olschewski, Jana |t Pfarrkirchen in den Städten des Hanseraums. - Rahden/Westf. : Leidorf. - 2006 [Rezension] |w (DE-603)394925505 |
| 787 | 0 | 8 | |i Rezensiert in |a Hauschild, Wolf-Dieter |t Pfarrkirchen in den Städten des Hanseraums. - Rahden/Westf. : Leidorf. - 2006 [Rezension] |w (DE-603)394964292 |
| 787 | 0 | 8 | |i Rezensiert in |a Pelc, Ortwin |t Pfarrkirchen in den Städten des Hanseraums. - Rahden/Westf. : Leidorf. - 2006 [Rezension] |w (DE-603)395063957 |
| 787 | 0 | 8 | |i Rezensiert in |a Herrmann, C. |t Pfarrkirchen in den Städten des Hanseraums. - Rahden/Westf. : Leidorf. - 2006 [Rezension] |w (DE-603)395070163 |
| 830 | 0 | |t Archäologie und Geschichte im Ostseeraum |v 1 |w (DE-603)186512082 |w (DE-600)2270415-2 |9 11 |7 as | |
| 856 | 4 | 2 | |q text/html |u http://www.vml.de/d/detail.php?ISBN=3-89646-461-2 |3 Kurzbeschreibung |
| 856 | 4 | 2 | |m V:DE-603;B:DE-Mb50 |q application/pdf |u http://scans.hebis.de/HEBCGI/show.pl?18348192_toc.pdf |3 Inhaltsverzeichnis |
| 924 | 0 | |9 Mb 50 |a (DE-603)501575839 |b DE-Mb50 |c HES |d c |g 07.1691 | |
| 924 | 0 | |9 77/088 |a (DE-603)548946973 |b DE-77-088 |c HES |d d |g WL 149 a | |
| 924 | 0 | |9 2080 |a (DE-603)793035570 |b DE-2080 |c HES |d d |g / | |
| 924 | 0 | |9 26/084 |a (DE-603)510504744 |b DE-26-084 |c HES |d d |g Yd 4600/3 | |


